Acronymes et Sigles en Français #1 - Statistiques

Statistiques générales
  • Ce quiz a été pris 44 fois
  • Le résultat moyen est 24 sur 37
Statistiques - réponses
Sigles Significations % Correct
N National
95%
O Organisation
95%
O Organisation
95%
O Organisation
95%
N des Nations
87%
U Unies
87%
M Mondiale
85%
D De
82%
S de la Santé
82%
F France
79%
I Institut
79%
S Société
79%
E Électricité
77%
N Nationale
77%
N Nationale
77%
C Caisse
74%
A d'Allocations
74%
F Familiales
74%
C des Chemins
72%
S Service
72%
A de l'Atlantique
69%
N Nord
69%
T du Traité
67%
T des Transports
64%
M Médicale
56%
P Parisiens
56%
F de fer Français
54%
A d'Aide
49%
U Urgente
46%
S de la Statistique
44%
E Économiques
28%
L et des Libertés
28%
I de l'Informatique
26%
E et des Études
26%
A Autonome
23%
R Régie
23%
C Commission
21%
Aucun quiz correspondant
Distribution des résultats
% des personnes avec chaque résultat
Percentile par nombre de réponses
Votre historique - résultats
Vous n’avez pas pris ce quiz